=LDR 00000nam 2200000 4500 =001 INLIS000000000024301 =005 20130612122908 =008 ***********************************Ind** =035 ##$$0010-061300000024301 =041 ##$$a Ind =082 ##$$a 649.122 =090 ##$$a 649.122, Sup p =100 ##$$a Supardan, Suryani =245 ##$$a Panduan perawatan bayi sakit, Suryani supardan =260 ##$$a 2002 $b Jakarta =300 ##$$a 44 hlm, ilus, 23 cm =650 ##$$a Bayi - perawatan dan kesehatan =850 ##$$a NBPNMAT